000 00493nam a2200181Ia 4500
008 240925s9999 xx 000 0 und d
020 _a9789351070528
082 _a006.66 RAI
100 _aRaikar, M.M.
245 0 _aComputer Graphics Using OpenGL
250 _a1st
260 _aNew Delhi:
_bFirewall Media
_c,2014.
300 _a410p.
_bNA
_fOriginal
500 _aIncludes Index
600 _aComputer Science
650 _aComputer science, information & general works
942 _cBK
999 _c13159
_d13159